Tocar los libros / (Record no. 178786)

MARC details
000 -LEADER
campo de control de longitud fija 00842nam a2200253 4500
001 - NÚMERO DE CONTROL
campo de control 178786
003 - IDENTIFICADOR DE NÚMERO DE CONTROL
campo de control ES-MaACL
005 - FECHA Y HORA DE LA ÚLTIMA TRANSACCIÓN
campo de control 20250822052420.0
008 - DATOS DE LONGITUD FIJA--INFORMACIÓN GENERAL
campo de control de longitud fija 110628s2010 sp aco |||| |dspa d
020 ## - NÚMERO INTERNACIONAL ESTÁNDAR DEL LIBRO
Número Internacional Estándar del Libro 978-84-936321-9-9
080 ## - NÚMERO DE LA CLASIFICACIÓN DECIMAL UNIVERSAL
Número de la Clasificación Decimal Universal 027.1
100 1# - ENTRADA PRINCIPAL--NOMBRE DE PERSONA
Nombre de persona Marchamalo, Jesús.
9 (RLIN) 147270
245 10 - MENCIÓN DEL TÍTULO
Título Tocar los libros /
Mención de responsabilidad, etc. Jesús Marchamalo ; prólogo de Luis Mateo Díez.
260 ## - PUBLICACIÓN, DISTRIBUCIÓN, ETC.
Lugar de publicación, distribución, etc. Madrid :
Nombre del editor, distribuidor, etc. Fórcola,
Fecha de publicación, distribución, etc. [2010]
300 ## - DESCRIPCIÓN FÍSICA
Extensión 78 p. :
Otras características físicas il., fot. ;
Dimensiones 18 cm.
490 1# - MENCIÓN DE SERIE
Mención de serie Singladuras ;
Designación de volumen o secuencia 2
650 #7 - PUNTO DE ACCESO ADICIONAL DE MATERIA--TÉRMINO DE MATERIA
Término de materia o nombre geográfico como elemento de entrada Bibliotecas privadas.
9 (RLIN) 147271
650 #7 - PUNTO DE ACCESO ADICIONAL DE MATERIA--TÉRMINO DE MATERIA
Término de materia o nombre geográfico como elemento de entrada Libros y lectura
Fuente del encabezamiento o término embne
9 (RLIN) 142519
700 1# - ENTRADA AGREGADA--NOMBRE PERSONAL
Nombre de persona Díez, Luis Mateo,
Fechas asociadas al nombre 1942-
9 (RLIN) 44658
830 0# - PUNTO DE ACCESO ADICIONAL DE SERIE-TÍTULO UNIFORME
Título uniforme Singladuras ;
Designación de volumen o secuencia 2
9 (RLIN) 193547
852 ## - LOCALIZACIÓN
Ubicación ES-MaACL
Número de control de estantería A-11310
itemnumber 185647
Sublocalización o colección R.146819
Ubicación en estantería Depósito 1
Signatura antigua Olim: N-4314
942 ## - ELEMENTOS DE ENTRADA SECUNDARIOS (KOHA)
Fuente del sistema de clasificación o colocación Clasificación decimal universal
Tipo de ítem Koha Libro impreso
Holdings
Estatus retirado Estado de pérdida Fuente del sistema de clasificación o colocación Estado de daño No para préstamo Biblioteca de origen Biblioteca actual Ubicación en estantería Fecha de adquisición Fuente de adquisición Total de préstamos Signatura topográfica completa Código de barras Visto por última vez Precio de reemplazo Tipo de ítem Koha
    Clasificación decimal universal     Biblioteca del Ateneo de Madrid Biblioteca del Ateneo de Madrid Depósito 1 28/06/2011 Compra   A-11310 1187800 23/02/2023 23/02/2023 Libro impreso